[Event "Aegean op 47th"]
[Site "Aghios Kirykos"]
[Date "2024.07.11"]
[Round "1"]
[White "Nteligiorgis, Eleftherios"]
[Black "Karaiskos, Evangelos"]
[Result "1-0"]
[WhiteElo "2036"]
[BlackElo "1767"]
[PlyCount "89"]
[EventDate "2024.07.11"]
[EventType "swiss"]
[EventRounds "9"]
[EventCountry "GRE"]
[SourceTitle "CB30_2024"]
[SourceDate "2024.07.24"]
[SourceVersion "1"]
[SourceVersionDate "2024.07.24"]
[SourceQuality "1"]

1. e4 d6 2. d4 Nf6 3. Nc3 e5 4. Nf3 Nbd7 5. Bc4 Be7 6. 0-0 c6 7. a4 Qc7 8. Re1 0-0 9. h3 b6 10. Ba2 a6 11. Be3 Bb7 12. dxe5 dxe5 13. Nh4 Bb4 14. Nf5 g6 15. Nh6+ Kg7 16. Qf3 c5 17. Ng4 Nxg4 18. hxg4 h6 19. Bd2 Bxc3 20. Bxc3 c4 21. Rad1 Rad8 22. Qe3 b5 23. Bb4 Rfe8 24. a5 Nf6 25. f3 Rxd1 26. Rxd1 Rd8 27. Rxd8 Qxd8 28. Qc5 Nd7 29. Qd6 Qf8 30. Qxf8+ Nxf8 31. b3 cxb3 32. Bxb3 Nd7 33. Bd6 Bc6 34. Kf2 f6 35. Ke3 g5 36. Kd3 Kg6 37. Be6 h5 38. gxh5+ Kxh5 39. g4+ Kh4 40. Ke3 Kg3 41. Be7 Kg2 42. c3 Kg3 43. Bxd7 Bxd7 44. Bxf6 Be6 45. Bxg5 1-0

[Event "Hersonissos Online op"]
[Site "Chess.com INT"]
[Date "2020.06.11"]
[Round "7"]
[White "Aggarwal, Vansh"]
[Black "Karaiskos, Evangelos"]
[Result "1-0"]
[WhiteElo "1922"]
[BlackElo "1582"]
[PlyCount "63"]
[EventDate "2020.06.05"]
[EventType "swiss"]
[EventRounds "9"]
[EventCountry "GRE"]
[SourceTitle "EXT 2021"]
[Source "ChessBase"]
[SourceDate "2020.10.23"]
[SourceVersion "1"]
[SourceVersionDate "2020.10.23"]
[SourceQuality "1"]

1. e4 d6 2. d4 Nf6 3. Nc3 Nbd7 4. Nf3 e5 5. Bc4 Be7 6. a4 c6 7. h3 Qc7 8. 0-0 h6 9. Be3 g5 10. Nd2 Nf8 11. d5 a5 12. Rb1 c5 13. Nb5 Qd8 14. Be2 Ng6 15. Nc4 Nxe4 16. Bd3 Nf6 17. Bxg6 fxg6 18. Bxc5 dxc5 19. d6 Bf8 20. Nxe5 Bg7 21. Nc7+ Kf8 22. Nxg6+ Kg8 23. Nxh8 Bf5 24. Nxa8 Qxa8 25. Re1 Kxh8 26. Qf3 Bd7 27. Re7 Qc8 28. Rbe1 Qc6 29. Qxc6 Bxc6 30. Rc7 Bf8 31. Rf7 Nd7 32. Ree7 1-0

[Event "Hersonissos Online op"]
[Site "Chess.com INT"]
[Date "2020.06.07"]
[Round "3"]
[White "Steiner, Juraj"]
[Black "Karaiskos, Evangelos"]
[Result "1/2-1/2"]
[WhiteElo "2007"]
[BlackElo "1582"]
[PlyCount "112"]
[EventDate "2020.06.05"]
[EventType "swiss"]
[EventRounds "9"]
[EventCountry "GRE"]
[SourceTitle "CBM 196 Extra"]
[Source "ChessBase"]
[SourceDate "2020.07.31"]
[SourceVersion "1"]
[SourceVersionDate "2020.07.31"]
[SourceQuality "1"]

1. d4 d6 2. Nf3 Bg4 3. e4 Nd7 4. h3 Bxf3 5. Qxf3 c6 6. Bd3 e5 7. c3 Ngf6 8. Be3 Be7 9. Nd2 0-0 10. Qe2 d5 11. dxe5 Nxe5 12. Bc2 dxe4 13. Nxe4 Nd5 14. 0-0-0 Qa5 15. Qh5 f5 16. Bb3 Kh8 17. Ng5 Bxg5 18. Bxg5 Nxc3 19. bxc3 Qxc3+ 20. Kb1 c5 21. Qe2 c4 22. Bd2 Qd3+ 23. Qxd3 Nxd3 24. Bxc4 Nxf2 25. Bb4 Rfc8 26. Bd5 Rd8 27. Rhe1 Nxd1 28. Rxd1 Rd7 29. Kc2 Rc8+ 30. Bc3 Rdc7 31. Rd3 b5 32. Kd2 Rd7 33. Be4 Rxd3+ 34. Bxd3 a6 35. Bxf5 Rd8+ 36. Kc2 Kg8 37. Kb3 g6 38. Be4 Kf7 39. Kb4 Ke6 40. Bb7 Rd6 41. Kc5 Rd3 42. Bd4 Ra3 43. Bd5+ Kd7 44. Bb3 a5 45. Bb2 Rxb3 46. axb3 a4 47. Kxb5 axb3 48. Kb4 Ke6 49. Kxb3 Kf5 50. g3 Ke4 51. h4 h5 52. Kc2 Kf3 53. Be5 Kg4 54. Kd3 g5 55. hxg5 Kxg5 56. Bd4 h4 1/2-1/2

[Event "Aegean op 39th"]
[Site "Aghios Kirykos"]
[Date "2016.07.15"]
[Round "7"]
[White "Karaiskos, Evangelos"]
[Black "Pavlis, Antonios"]
[Result "0-1"]
[WhiteElo "1513"]
[BlackElo "1869"]
[PlyCount "66"]
[EventDate "2016.07.11"]
[EventType "swiss"]
[EventRounds "9"]
[EventCountry "GRE"]
[SourceTitle "EXT 2017"]
[Source "ChessBase"]
[SourceDate "2016.10.25"]
[SourceVersion "1"]
[SourceVersionDate "2016.10.25"]
[SourceQuality "1"]

1. d4 Nf6 2. Nf3 d5 3. Bf4 c5 4. e3 Bg4 5. Nbd2 e6 6. c3 Nc6 7. Bb5 a6 8. Bxc6+ bxc6 9. Qa4 Qb6 10. Ne5 Qb5 11. Qxb5 cxb5 12. a4 b4 13. dxc5 bxc3 14. bxc3 Bxc5 15. Rb1 Bf5 16. Rb7 0-0 17. 0-0 Rac8 18. Nb3 Bc2 19. Rc1 Bxb3 20. Rxb3 Ne4 21. f3 g5 22. fxe4 gxf4 23. Re1 dxe4 24. Nd7 Bxe3+ 25. Rxe3 fxe3 26. Nxf8 Kxf8 27. Kf1 Rc4 28. Ke2 Rxa4 29. Kxe3 f5 30. g3 Rc4 31. Ra3 Kf7 32. Rxa6 Rxc3+ 33. Kf4 Kf6 0-1

[Event "Aegean op 39th"]
[Site "Aghios Kirykos"]
[Date "2016.07.15"]
[Round "6"]
[White "Markesinis, Eleftherios"]
[Black "Karaiskos, Evangelos"]
[Result "1-0"]
[WhiteElo "1950"]
[BlackElo "1513"]
[PlyCount "104"]
[EventDate "2016.07.11"]
[EventType "swiss"]
[EventRounds "9"]
[EventCountry "GRE"]
[SourceTitle "EXT 2017"]
[Source "ChessBase"]
[SourceDate "2016.10.25"]
[SourceVersion "1"]
[SourceVersionDate "2016.10.25"]
[SourceQuality "1"]

1. d4 Nf6 2. c4 e6 3. g3 d5 4. Nf3 Be7 5. Bg2 0-0 6. 0-0 b6 7. cxd5 exd5 8. Nc3 Bb7 9. Ne5 Nbd7 10. Qa4 Nxe5 11. dxe5 Ne4 12. Nxe4 dxe4 13. Bxe4 Bxe4 14. Qxe4 Qd7 15. f4 Rfd8 16. Be3 Qb5 17. Qc2 c5 18. b3 Rd5 19. Rad1 Rad8 20. Rxd5 Rxd5 21. Rd1 Qd7 22. Rxd5 Qxd5 23. Qd3 Qxd3 24. exd3 f5 25. exf6 Bxf6 26. Kf2 Kf7 27. Kf3 Ke6 28. Ke4 g6 29. g4 h5 30. gxh5 gxh5 31. d4 cxd4 32. Bxd4 Bd8 33. Be5 b5 34. f5+ Kf7 35. Kd5 Bf6 36. Bxf6 Kxf6 37. Ke4 b4 38. h4 Kf7 39. Ke5 Ke7 40. f6+ Kf7 41. Kf5 a6 42. Ke5 Ke8 43. Ke6 Kf8 44. Kf5 Kf7 45. Kg5 Kg8 46. Kxh5 Kh7 47. Kg5 Kg8 48. Kf5 Kf7 49. h5 a5 50. h6 Kg8 51. Kg6 a4 52. h7+ Kh8 1-0